[Event "High class tournament - 2"]
[Site "SchemingMind.com"]
[Date "2019.02.25"]
[Round "-"]
[White "John Elburg"]
[Black "Ramesh Panwar"]
[Result "1/2-1/2"]
[WhiteCountry "NED"]
[BlackCountry "IND"]
[WhiteElo "2532"]
[WhiteRD "92"]
[BlackElo "2563"]
[BlackRD "71"]
[GameID "438649"]

1. e4 e5 2. Nf3 Nc6 3. Bb5 a6 4. Ba4 Nf6 5. O-O Be7 6. Re1 b5 7. Bb3 d6 8. c3 O-O 9. h3 h6 10. d4 Re8
11. Nbd2 Bf8 12. Nf1 Bb7 13. Ng3 Na5 14. Bc2 Nc4 15. b3 Nb6 16. a4 bxa4 17. bxa4 a5 18. Bd3 Qc8 19. d5 c6 20. Rb1 Nbd7
21. c4 Nc5 22. Bf1 Ba6 23. Ba3 Nfd7 24. Qc2 g6 25. h4 h5 26. Ng5 Bg7 27. Qd1 Qc7 28. Be2 f6 29. Bxh5 gxh5 30. Nf7 Kxf7
31. Qxh5+ Kg8 32. Nf5 cxd5 33. Qg6 Nf8 34. Nh6+=
1/2-1/2

[Event "High class tournament - 2"]
[Site "SchemingMind.com"]
[Date "2019.02.25"]
[Round "-"]
[White "joopsim"]
[Black "John Elburg"]
[Result "1/2-1/2"]
[WhiteCountry "NED"]
[BlackCountry "NED"]
[WhiteElo "2560"]
[WhiteRD "174"]
[BlackElo "2532"]
[BlackRD "92"]
[GameID "438670"]

1. d4 d5 2. c4 c6 3. Nf3 Nf6 4. Nc3 e6 5. Bg5 h6 6. Bh4 dxc4 7. e4 g5 8. Bg3 b5 9. Be2 Bb7 10. O-O Nbd7
11. Ne5 Bg7 12. Nxf7 Kxf7 13. e5 Nd5 14. Ne4 Qb6 15. Nd6+ Ke7 16. a4 Raf8 17. Bf3 a6 18. Bxd5 cxd5 19. axb5 axb5 20. Kh1 b4
21. f4 Ba6 22. h3 c3 23. Rf2 Nxe5 24. dxe5 Bxe5 25. fxe5 Rxf2 26. Bxf2 Qxf2 27. Rxa6 cxb2 28. Qb1 g4=
1/2-1/2

[Event "High class tournament - 2"]
[Site "SchemingMind.com"]
[Date "2019.02.25"]
[Round "-"]
[White "Ramesh Panwar"]
[Black "joopsim"]
[Result "1/2-1/2"]
[WhiteCountry "IND"]
[BlackCountry "NED"]
[WhiteElo "2563"]
[WhiteRD "71"]
[BlackElo "2560"]
[BlackRD "174"]
[GameID "438671"]

1. e4 e5 2. Nf3 Nc6 3. Bb5 a6 4. Ba4 Nf6 5. O-O Be7 6. Re1 b5 7. Bb3 O-O 8. a4 b4 9. h3 Na5 10. Ba2 d5
11. Nxe5 dxe4 12. d3 Qd4 13. Bf4 Bc5 14. Qe2 b3 15. cxb3 Nd5 16. Bg3 e3 17. fxe3 Qxe3+ 18. Qxe3 Bxe3+ 19. Kh2 Bd4 20. Re2 Nb4
21. Nc4 Nac6 22. Bxc7 Be6 23. Nc3 Rac8 24. Bg3 Ba7 25. Rae1 Rcd8 26. Rd1 h6 27. Bb1 Nd4 28. Re4 Nbc6 29. Ba2 Nb4 30. Bc7 Rd7
31. Bb6 Bxb6 32. Nxb6 Rdd8 33. Nbd5 Nxa2 34. Rxd4 Nxc3 35. Ne7+ Kh7 36. Rxd8 Rxd8 37. bxc3 Rd7 38. Nc6 Bxb3 39. Rb1 Bc2 40. Rc1 Bxd3=
1/2-1/2

[Event "High class tournament - 2"]
[Site "SchemingMind.com"]
[Date "2019.03.02"]
[Round "-"]
[White "kibic"]
[Black "John Elburg"]
[Result "1/2-1/2"]
[WhiteCountry "INT"]
[BlackCountry "NED"]
[WhiteElo "2551"]
[WhiteRD "79"]
[BlackElo "2567"]
[BlackRD "86"]
[GameID "438685"]

1. d4 d5 2. Nf3 Nf6 3. c4 c6 4. Nc3 e6 5. Bg5 h6 6. Bh4 dxc4 7. e4 g5 8. Bg3 b5 9. Be2 Bb7 10. h4 g4
11. Ne5 Nbd7 12. Nxd7 Qxd7 13. Be5 Qe7 14. O-O Rg8 15. b3 Bg7 16. Qc2 Nh5 17. Bxg7 Rxg7 18. g3 Qd6 19. e5 Qxd4 20. Ne4 Qxe5
21. Rad1 Kf8 22. Rfe1 c5 23. Bxc4 bxc4 24. Nd6 Qf6 25. Nxb7 Qf3 26. Qd2 Qxb7 27. Qxh6 Nxg3 28. fxg3 Kg8 29. bxc4 Qf3=
1/2-1/2

[Event "High class tournament - 2"]
[Site "SchemingMind.com"]
[Date "2019.03.02"]
[Round "-"]
[White "kibic"]
[Black "joopsim"]
[Result "1/2-1/2"]
[WhiteCountry "INT"]
[BlackCountry "NED"]
[WhiteElo "2551"]
[WhiteRD "79"]
[BlackElo "2555"]
[BlackRD "160"]
[GameID "438686"]

1. e4 e5 2. Nf3 Nc6 3. Bb5 a6 4. Ba4 Nf6 5. O-O Be7 6. Re1 b5 7. Bb3 O-O 8. c3 d5 9. exd5 Nxd5 10. Nxe5 Nxe5
11. Rxe5 c6 12. d4 Bd6 13. Re1 Qh4 14. g3 Qh3 15. Be3 Bg4 16. Qd3 Rae8 17. Nd2 Re6 18. a4 Qh5 19. axb5 axb5 20. Nf1 Bf5
21. Qd2 Bh3 22. Bd1 Qg6 23. Bf3 Qf5 24. Qd1 h5 25. Ra6 Bc7 26. Bh1 h4 27. Bd2 hxg3 28. Nxg3 Bxg3 29. hxg3 Bg4 30. f3 Qd3
31. Ra1 Rfe8 32. Bg2 Rxe1+ 33. Bxe1 Qxd1 34. Rxd1 Ne3 35. Rd2 Be6 36. Bf2 Nxg2 37. Kxg2 Bd5 38. g4 g5 39. Bg1 Re6 40. Kf2 Rh6
41. Kg3 Re6 42. Kf2 Rh6=
1/2-1/2

[Event "High class tournament - 2"]
[Site "SchemingMind.com"]
[Date "2019.02.28"]
[Round "-"]
[White "John Elburg"]
[Black "Pinedev"]
[Result "1-0"]
[WhiteCountry "NED"]
[BlackCountry "ISR"]
[WhiteElo "2567"]
[WhiteRD "86"]
[BlackElo "2477"]
[BlackRD "102"]
[GameID "438739"]

1. e4 e6 2. d4 d5 3. Nc3 Bb4 4. e5 c5 5. a3 Bxc3+ 6. bxc3 Ne7 7. Nf3 h6 8. a4 b6 9. Bb5+ Nd7 10. O-O O-O
11. Nh4 f5 12. Kh1 a6 13. Be2 g5 14. Nf3 a5 15. Bxg5 hxg5 16. Nxg5 Nxe5 17. dxe5 Ng6 18. f4 Nxf4 19. Rxf4 Qxg5 20. Qd2 Qd8
21. g4
1-0

[Event "High class tournament - 2"]
[Site "SchemingMind.com"]
[Date "2019.02.28"]
[Round "-"]
[White "joopsim"]
[Black "Pinedev"]
[Result "1/2-1/2"]
[WhiteCountry "NED"]
[BlackCountry "ISR"]
[WhiteElo "2592"]
[WhiteRD "135"]
[BlackElo "2484"]
[BlackRD "101"]
[GameID "438740"]

1. e4 e6 2. d4 d5 3. Nc3 Bb4 4. e5 c5 5. a3 Ba5 6. b4 cxd4 7. Nb5 Bc7 8. f4 Bd7 9. Nxc7+ Qxc7 10. Nf3 Ba4
11. Bd3 Qc3+ 12. Bd2 Qxd3 13. cxd3 Bxd1 14. Kxd1 Ne7 15. Ke2 b6 16. a4 a5 17. Rhb1 O-O 18. b5 Nd7 19. Nxd4 Rac8 20. Rc1 Nc5
21. Ra3 f6 22. exf6 gxf6 23. Nc6 Nxc6 24. bxc6 Rf7 25. d4 Ne4 26. Rb3 Rg7 27. g3 Rgc7 28. Rxb6 Nd6 29. Rc5 Ne4 30. Rxa5 Rxc6
31. Rxc6 Rxc6 32. Kd3 Rc4 33. f5 exf5 34. Be1 Kf7 35. Rxd5 Rxa4 36. Rxf5 Nd6 37. Ra5 Rxa5 38. Bxa5 Ke6 39. g4 Nc8 40. Bd8=
1/2-1/2

[Event "High class tournament - 2"]
[Site "SchemingMind.com"]
[Date "2019.02.28"]
[Round "-"]
[White "Pinedev"]
[Black "Ramesh Panwar"]
[Result "1-0"]
[WhiteCountry "ISR"]
[BlackCountry "IND"]
[WhiteElo "2525"]
[WhiteRD "100"]
[BlackElo "2564"]
[BlackRD "78"]
[GameID "438743"]

1. d4 Nf6 2. c4 e6 3. Nc3 Bb4 4. e3 O-O 5. Ne2 d5 6. a3 Be7 7. cxd5 exd5 8. g3 Nbd7 9. Bg2 Nb6 10. O-O Re8
11. b3 Bf5 12. f3 Bf8 13. g4 Bd7 14. Nf4 h6 15. Nd3 a5 16. a4 Bd6 17. Qe2 c6 18. h3 Be6 19. Bd2 Nfd7 20. Qf2 f5
21. gxf5 Bxf5 22. e4 Bh7 23. Rad1 Nc8 24. Be3 Ne7 25. Qd2 Bg3 26. Ne2 Bh4 27. Nef4 Ng6 28. Nxg6 Bxg6 29. e5 Nf8 30. Kh2 Ne6
31. f4 Bf5 32. Bf3 Rf8 33. Bg4 Kh7 34. Bxf5+ Rxf5 35. Qc2 Qf8 36. b4 axb4 37. Rb1 Be7 38. Nxb4 Kh8 39. Nd3 Ra7 40. a5 Rh5
41. Nc1 Qf5 42. Qxf5 Rxf5 43. Ne2 Bh4 44. Ra1 Kh7 45. Kg2 g6 46. Rfb1 Bd8 47. a6 bxa6 48. Rb8 Rff7 49. Rc1 Rfc7 50. h4 Bxh4
51. Rh1 g5 52. f5 Ng7 53. f6 Nf5 54. Bc1 Kg6 55. Rg8+ Kf7 56. Rh8 Ke6 57. Kf3 c5 58. Re8+ Kf7 59. Kg4 Nxd4 60. Nxd4 cxd4
61. Rh8 Ke6 62. Kh5 Kxe5 63. Rf1 Rc6 64. Rf8 Re6 65. f7 Rae7 66. Rd8 Rxf7 67. Rxf7 Ke4 68. Bd2 Bg3 69. Rf1 Kd3 70. Rf3+ Kxd2
71. Rxg3 Re3 72. Rg4 Re4 73. Rg1 Rh4+ 74. Kg6 d3 75. Rxd5 Rh3 76. Rg2+ Ke3 77. Rg4 Kd2 78. Kf5 Re3 79. Rd6 Ke2 80. Rg2+ Kf3
81. Rd2 g4 82. Rxh6 g3 83. Rxa6 g2 84. Rg6 Re8 85. Rxd3+ Ke2 86. Ra3
1-0

[Event "High class tournament - 2"]
[Site "SchemingMind.com"]
[Date "2019.02.28"]
[Round "-"]
[White "Keithk"]
[Black "John Elburg"]
[Result "1/2-1/2"]
[WhiteCountry "ENG"]
[BlackCountry "NED"]
[WhiteElo "2540"]
[WhiteRD "67"]
[BlackElo "2567"]
[BlackRD "86"]
[GameID "438853"]

1. d4 d5 2. c4 c6 3. Nf3 Nf6 4. Nc3 e6 5. Bg5 h6 6. Bh4 dxc4 7. e4 g5 8. Bg3 b5 9. Be2 Bb7 10. h4 g4
11. Ne5 Nbd7 12. Nxd7 Qxd7 13. Be5 Qe7 14. O-O Rg8 15. b3 Bg7 16. Qc2 Nh5 17. Bxg7 Rxg7 18. g3 Qd6 19. e5 Qxd4 20. Rad1 Qxe5
21. Ne4 Kf8 22. Rfe1 c5 23. Bxc4 bxc4 24. Nd6 Qf6 25. Nxb7 Qf3 26. Qd2 Qxb7 27. Qxh6 Nxg3 28. fxg3 Kg8 29. bxc4 Qf3 30. Qe3 Qxe3+=
1/2-1/2

[Event "High class tournament - 2"]
[Site "SchemingMind.com"]
[Date "2019.02.28"]
[Round "-"]
[White "Keithk"]
[Black "joopsim"]
[Result "1/2-1/2"]
[WhiteCountry "ENG"]
[BlackCountry "NED"]
[WhiteElo "2541"]
[WhiteRD "65"]
[BlackElo "2576"]
[BlackRD "118"]
[GameID "438854"]

1. d4 Nf6 2. c4 g6 3. Nf3 Bg7 4. Nc3 O-O 5. e4 d6 6. Be2 e5 7. O-O Nc6 8. d5 Ne7 9. b4 a5 10. Ba3 axb4
11. Bxb4 b6 12. a4 Re8 13. Re1 Bf8 14. h3 Bb7 15. Qc2 c5 16. Ba3 Bh6 17. Bb2 Rf8 18. Bc1 Bxc1 19. Qxc1 Bc8 20. Nh2 Ne8
21. f4 f6 22. fxe5 dxe5 23. Qe3 Nd6 24. Nb5 Kg7 25. Reb1 Nb7 26. Bg4 h5 27. Be2 Bd7 28. Nc3 Ng8 29. Qg3 Kh7 30. Ra2 Nh6
31. Nf3 Nf7 32. Nh4 Rg8 33. Bd3 g5 34. Nf3 g4 35. hxg4 Rxg4 36. Qf2 Nbd6 37. a5 bxa5 38. Qxc5 f5 39. Qe3 f4 40. Qb6 Qc8
41. c5 Rg6 42. c6 Bh3 43. Bf1 Qg8 44. Qf2 h4 45. Nxh4 Rg3 46. Nb5 Qg5 47. Nxd6 Nxd6 48. Rb8 Rxb8 49. Qa7+ Nf7 50. Nf5 Rf8
51. Nxg3 Qxg3 52. Qe7 Bg4 53. Ra3 f3 54. Qxf8 Ng5 55. Qe7+ Kg6 56. Qe8+ Kg7=
1/2-1/2

[Event "High class tournament - 2"]
[Site "SchemingMind.com"]
[Date "2019.02.28"]
[Round "-"]
[White "Ramesh Panwar"]
[Black "Keithk"]
[Result "1/2-1/2"]
[WhiteCountry "IND"]
[BlackCountry "ENG"]
[WhiteElo "2554"]
[WhiteRD "74"]
[BlackElo "2563"]
[BlackRD "66"]
[GameID "438855"]

1. d4 Nf6 2. c4 e6 3. Nf3 d5 4. Nc3 c6 5. e3 Nbd7 6. Bd3 dxc4 7. Bxc4 b5 8. Bd3 Bb7 9. a3 Bd6 10. Qc2 a6
11. b4 a5 12. Rb1 axb4 13. axb4 Qe7 14. O-O O-O 15. e4 e5 16. Ne2 Bxb4 17. dxe5 Ng4 18. Bf4 Ba3 19. e6 fxe6 20. e5 g6
21. Bxg6 Qg7 22. Bd3 Ra4 23. Bg3 Ndxe5 24. Nxe5 Nxe5 25. Nc3 Rg4 26. Be2 Rd4 27. Rbd1 Rxd1 28. Rxd1 Bb4 29. Ne4 c5 30. Nd6 Bd5
31. Bxb5 Nc6 32. Bxc6 Bxc6 33. Qe2 Bd5 34. Nc8 Bb3 35. Qe3 c4 36. Rd4 h5 37. h4 Bc5 38. Qxe6+ Qf7 39. Qe5 Bxd4 40. Ne7+ Kh7
41. Qe4+ Kh6 42. Bf4+ Kg7 43. Qxd4+ Kh7 44. Qe4+ Kg7 45. Be3 Re8 46. Qe5+ Kh7 47. Qe4+ Kg7 48. Bg5 c3 49. Nf5+ Kh7 50. Ne7+ Kg7
51. Qd4+ Kh7 52. Qd3+ Kh8 53. Qxc3+ Kh7 54. Qd3+ Kh8 55. Qc3+ Kh7 56. Qd3+ Kh8 57. Qd4+ Kh7 58. Qd6 Be6 59. f4 Kh8 60. Kh2 Kh7
61. Kh1 Kh8 62. Kg1 Kh7 63. Qd3+ Kh8 64. Qd6 Kh7 65. Kh2 Kh8 66. Nc6 Kg8 67. Ne5 Qf5 68. Nc6 Qf7 69. Ne7+ Kh7 70. Qd3+ Kh8
71. Qc3+ Kh7 72. Qc2+ Kh8 73. Qc7 Kh7 74. Kg3 Qg7 75. Kh2 Qf7 76. Kh1 Bg4 77. Qe5 Qe6 78. Qc7 Qf7 79. Kg1 Bf5 80. Qe5 Be6
81. Qe4+ Kh8 82. Kh1 Bg4 83. Qe5+ Kh7 84. Qe4+ Kh8 85. Qd4+ Kh7 86. Qd3+ Kh8 87. Nd5 Re6 88. Ne3 Qe8 89. f5 Re4 90. Qb3 Rxe3
91. Bxe3 Qe5 92. Qb6 Qxf5 93. Qh6+ Kg8 94. Bg5 Kf7 95. Qd6 Qe6 96. Qc7+ Qd7 97. Qe5 Qe6 98. Qh8 Bf3 99. Qb2 Bd5 100. Qf2+ Ke8
101. Kh2 Qe4 102. Bf4 Qf5 103. Qd4 Kf7 104. Bc1 Ke8 105. Bd2 Kf7 106. Bc3 Ke8 107. Qe3+ Qe6 108. Qg5 Qf7 109. Bb4=
1/2-1/2

[Event "High class tournament - 2"]
[Site "SchemingMind.com"]
[Date "2019.02.28"]
[Round "-"]
[White "Pinedev"]
[Black "Keithk"]
[Result "1/2-1/2"]
[WhiteCountry "ISR"]
[BlackCountry "ENG"]
[WhiteElo "2525"]
[WhiteRD "100"]
[BlackElo "2553"]
[BlackRD "67"]
[GameID "438856"]

1. d4 Nf6 2. c4 e6 3. Nf3 d5 4. g3 dxc4 5. Bg2 a6 6. O-O Nc6 7. e3 Bd7 8. Qe2 b5 9. Rd1 Be7 10. Nc3 Nd5
11. Bd2 O-O 12. b3 Nxc3 13. Bxc3 b4 14. Ne5 Nxe5 15. dxe5 Rb8 16. Qxc4 c5 17. Bb2 Qc7 18. a4 bxa3 19. Rxa3 Bb5 20. Qc2 Rfd8
21. Raa1 Rxd1+ 22. Rxd1 g6 23. Bc3 Qb6 24. Ra1 Bd7 25. Qc1 Kf8 26. Be4 Bc6 27. Ba5 Qb5 28. Bxc6 Qxc6 29. Qc4 Qb7 30. Be1 Rd8
31. Ba5 Rd7 32. h3 Kg7 33. Bc3 h5 34. e4 h4 35. gxh4 Bxh4 36. Kg2 Qa8 37. Rxa6 Qd8 38. Qe2 Rb7 39. Qd2 Qc8 40. Qf4 Be7
41. Bd2 Rxb3 42. Ra7 Rb7 43. Ra3 Rd7 44. Rf3 Qf8 45. h4 c4 46. Be3 Kh7 47. h5 g5 48. Qxf7+ Qxf7 49. Rxf7+ Kg8 50. Rf3 Rd3
51. Kf1 Ra3 52. Rg3 Kh7 53. Rf3 Kg8 54. Kg2 Rd3 55. Rg3 Kh7 56. Rf3=
1/2-1/2